Statistics for Countries That Border Afghanistan

Click here to take the quiz!

General Stats

  • This quiz has been taken 25 times
  • The average score is 6 of 6

Answer Stats

kmAnswermiles% Correct
936Iran582
100%
2,430Pakistan1,510
100%
744Turkmenistan462
100%
76China47
95%
1,206Tajikistan810
90%
137Uzbekistan89
90%

Score Distribution

Percentile by Number Answered

Percent of People with Each Score

Your Score History

You have not taken this quiz